00447nam a2200145Ia 4500008004100000245007000041260001700111260000900128300000800137650002300145650001200168856002900180999001900209952007300228170516s9999 xx 000 0 und d aPorphyrins as Theranostic Agents from Prehistoric to Modern Times bTheranostics c2012 a2:9 xMedical Technology xMedtech uhttp://www.thno.org/v2i9 c330645d330645 001040aCLbCLd2017-05-16l0r2017-05-16 00:00:00w2017-05-16yFOJ